| 000 | 00340nam a2200121Ia 4500 | ||
|---|---|---|---|
| 008 | 220120s9999||||xx |||||||||||||| ||und|| | ||
| 082 | _a620.11 | ||
| 100 |
_aKodgire, V.D _911778 |
||
| 245 | 0 | _aMaterial science and metallurgy for engineers | |
| 260 |
_aEverst group _bNew Delhi _c2012 |
||
| 300 |
_a497p. _b0 |
||
| 650 | _aCOMPUTER ARCHITECTURE | ||
| 999 |
_c137173 _d137173 |
||